| 000 | 00645nam a22002057a 4500 | ||
|---|---|---|---|
| 999 |
_c14134 _d14134 |
||
| 003 | AR-CdUCM | ||
| 008 | 190422b ||||| |||| 00| 0 spa d | ||
| 020 | _a978-84-16648-35-1 | ||
| 040 |
_aMUNICIPALIDAD PROVINCIAL DEL CUSCO _cBIBLIOTECA MUNICIPAL DEL CUSCO |
||
| 041 | _hita | ||
| 082 |
_aPI / 376.1 / _bS42 |
||
| 100 |
_aSerreli, Silvia _932803 |
||
| 245 |
_aTea : _bcuánto pesa una mentira / |
||
| 260 |
_aBarcelona : _bObelisco, _c2016. |
||
| 300 |
_a35 páginas ; _bIlustraciones, _c18 cm. |
||
| 650 |
_aCuentos infantiles _93927 |
||
| 700 |
_aFasanini, Lorenzo (traducción) _932804 |
||
| 942 |
_2ddc _cLIBROS |
||
| 945 |
_aacv _d2019-04-22 |
||